Kształty państw na literę G - Statystyki

Ogólne statystyki
  • Ten quiz został rozwiązany 53 razy
  • Średni wynik to 8 z 11
Statystyki odpowiedzi
Obrazkowy Odpowiedź % Poprawnych
Grecja
100%
Gruzja
92%
Gambia
73%
Gwinea
73%
Gabon
69%
Gwinea Bissau
65%
Gwinea Równikowa
65%
Gwatemala
63%
Ghana
55%
Grenada
53%
Gujana
47%
Nie znaleziono quizów pasujących do podanych kryteriów
Rozkład punktacji
Procent ludzi z każdym wynikiem
Percentyl według liczby udzielonych odpowiedzi
Twoja historia wyników
Nie rozwiązałeś tego quizu